00310nam a2200121Ia 4500008004100000041000800041082001700049100001200066245004500078260003300123300002500156365000700181240624s9999 xx 000 0 und d aeng a658.8342 JAM aJAMES J aPEOPLE TALK THE SKILLS OF POSITIVE COMMU c1998aNew DelhibExcel Books axii, : 78 : cm. ; 24 cRS